| 000 | 00530nam a22001817a 4500 | ||
|---|---|---|---|
| 003 | OSt | ||
| 005 | 20170518104342.0 | ||
| 008 | 170126b xxu||||| |||| 00| 0 eng d | ||
| 020 | _a0070891893 | ||
| 040 |
_aMMU _beng. _cMMU _dMMU |
||
| 050 | _aBF121.P833 2003 | ||
| 245 |
_aPsychology: _bfrontiers and applications/ _cMichael W. Passer...[et al.]. |
||
| 250 | _a1st Canadian ed. | ||
| 260 |
_aToronto: _bMcGraw-Hill Ryerson, _c2002. |
||
| 300 | _avi,389p.; | ||
| 650 |
_aPsychology. _9439 |
||
| 942 |
_2lcc _cLOAN LOAN _e1stCanadian ed. |
||
| 999 |
_c26937 _d26937 |
||